LDR 01200nam a2200301 i 4500 001 000000121544 003 CaOOAMICUS 005 20260424163215.0 008 031223s1989 it u000 u ita u 020 $a88-18-89008-5 040 $aSeMil$bita 100 1 $aBall, Eve.$0(OLS)http://semarc/name/50529 240 10$aIn the Days of Victorio.$0(OLS)http://semarc/title/178934 245 10$aVictorio :$bun grande capo apache /$cEve Ball. 264 1$aMilano :$bRusconi,$c1989. 300 $a252 p., [16] p. di tav. ;$c22 cm. 490 1 $aLa sacra pipa 600 04$aVictorio
.$0(OLS)http://semarc/subject/22999 650 4$aIndiani d'America - Apache.$0(OLS)http://semarc/subject/22998 830 3$aLa sacra pipa.$0(OLS)http://semarc/title/14219 850 $aSeMil 852 $aSeMil$W1$xVenegono$y1$m3R IV 9$j270946$B76613$CSeMilBibl$Z2$F78321 $81 941 1 $a4 961 $aOmaggio: Martini Card. Carlo Maria 996 $6020$a88-18-89008-5$9(OLS)http://semarc/number/107027 996 $6245$aVictorio :$bun grande capo apache$9(OLS)http://semarc/title/178933 996 $6264$aMilano :$bRusconi$9(OLS)http://semarc/publisher/30258